Vplyv pracovnej sily na náklady podnikov kreatívneho priemyslu počas ich životného cyklu
Trendy v zmenách ceny práce v podmienkach kreatívneho priemyslu. Vplyv zmien v týchto nákladových položkách na celkové náklady.
Uložené v:
| Hlavný autor: | |
|---|---|
| Médium: | Kapitola |
| Jazyk: | Slovak |
| Predmet: | |
| Tagy: |
Žiadne tagy, Buďte prvý, kto otaguje tento záznam!
|
MARC
| LEADER | 00000naa$a2200000$$$4500 | ||
|---|---|---|---|
| 001 | 0281167 | ||
| 005 | 20240502074353.8 | ||
| 041 | 0 | |a slo | |
| 044 | |a SK | ||
| 245 | 1 | 0 | |a Vplyv pracovnej sily na náklady podnikov kreatívneho priemyslu počas ich životného cyklu |c Slávka Šagátová |
| 520 | |a Trendy v zmenách ceny práce v podmienkach kreatívneho priemyslu. Vplyv zmien v týchto nákladových položkách na celkové náklady. | ||
| 610 | 2 | 0 | |a kapitál ľudský |
| 610 | 2 | 0 | |a náklady |
| 610 | 2 | 0 | |a zamestnanci |
| 610 | 2 | 0 | |a cykly podnikateľské |
| 100 | 1 | |a Šagátová, Slavka, 1975- | |